Čo čakať od novej diplomacie EÚ?

Vytvorenie novej diplomatickej služby Európskej únie - Európskej služby pre vonkajšiu činnosť. Aká bude jej pridaná hodnota. Adekvátne personálne zastúpenie. Možnosť posilnenia vnímania Európskej únie ako globálneho hráča. Rozvojová pomoc EÚ. Orientácia na občana. Pozícia Slovenska ako aktívneho tvo...

Descripción completa

Guardado en:
Detalles Bibliográficos
Autor principal: Ružička, František
Formato: Capítulo de libro
Lenguaje:eslovaco
Materias:
Etiquetas: Agregar Etiqueta
Sin Etiquetas, Sea el primero en etiquetar este registro!

MARC

LEADER 00000naa a2200000 4500
001 0125075
005 20231018093802.2
041 0 |a slo 
044 |a SK 
245 1 0 |a Čo čakať od novej diplomacie EÚ?  |c František Ružička 
520 |a Vytvorenie novej diplomatickej služby Európskej únie - Európskej služby pre vonkajšiu činnosť. Aká bude jej pridaná hodnota. Adekvátne personálne zastúpenie. Možnosť posilnenia vnímania Európskej únie ako globálneho hráča. Rozvojová pomoc EÚ. Orientácia na občana. Pozícia Slovenska ako aktívneho tvorcu spoločnej európskej zahraničnej politiky. Požiadavky na diplomatov. 
610 2 0 |a Európska únia 
610 2 0 |a politika zahraničná 
610 2 0 |a diplomacia 
610 2 0 |a diplomati 
610 2 0 |a Slovensko 
100 1 |a Ružička, František